[Event "Cambridge op 3rd"]
[Site "Cambridge"]
[Date "2025.05.27"]
[Round "3"]
[White "Nawalaniec, Adam"]
[Black "Fernandez Garcia, Jose Miguel"]
[Result "1/2-1/2"]
[WhiteElo "2211"]
[BlackElo "2365"]
[PlyCount "63"]
[EventDate "2025.05.26"]
[EventType "tourn"]
[EventRounds "9"]
[EventCountry "ENG"]
[SourceTitle "CB23_2025"]
[SourceDate "2025.06.04"]
[SourceVersion "1"]
[SourceVersionDate "2025.06.04"]
[SourceQuality "1"]

1. e4 e5 2. Nf3 Nc6 3. d4 exd4 4. Nxd4 Nf6 5. Nxc6 bxc6 6. e5 Qe7 7. Qe2 Nd5 8. c4 Qb4+ 9. Nd2 Nf4 10. Qe4 Ne6 11. a3 Qe7 12. Be2 g6 13. 0-0 Bg7 14. Nf3 0-0 15. b4 a5 16. Bd2 axb4 17. Bxb4 Nc5 18. Qe3 d6 19. Bxc5 dxc5 20. Rfe1 Re8 21. Bd1 Bg4 22. a4 Bxf3 23. Bxf3 Ra6 24. g3 Bxe5 25. Ra2 Qf6 26. Kg2 Kg7 27. h4 h5 28. Ree2 Ra5 29. Re1 Ra6 30. Ree2 Ra5 31. Re1 Ra6 32. Ree2 1/2-1/2

[Event "Sutton Coldfield Escott Memorial op"]
[Site "Sutton Coldfield"]
[Date "2024.12.14"]
[Round "2"]
[White "Kett, Timothy"]
[Black "Nawalaniec, Adam"]
[Result "0-1"]
[WhiteElo "2114"]
[BlackElo "2138"]
[PlyCount "64"]
[EventDate "2024.12.14"]
[EventType "swiss"]
[EventRounds "5"]
[EventCountry "ENG"]
[SourceTitle "CB51_2024"]
[SourceDate "2024.12.18"]
[SourceVersion "1"]
[SourceVersionDate "2024.12.18"]
[SourceQuality "1"]

1. e4 c5 2. Nf3 d6 3. d4 cxd4 4. Nxd4 Nf6 5. Nc3 a6 6. Bc4 e6 7. 0-0 b5 8. Bb3 Be7 9. f4 0-0 10. e5 dxe5 11. fxe5 Nfd7 12. Be3 Nxe5 13. Qh5 Nbc6 14. Nxc6 Nxc6 15. Rf3 g6 16. Qh6 f6 17. Rd1 Qe8 18. Ne4 Ne5 19. Rg3 Nc4 20. Bc5 Bxc5+ 21. Nxc5 Ra7 22. Qf4 Qc6 23. Qd4 Rc7 24. Bxc4 bxc4 25. Ne4 Rd7 26. Nd6 e5 27. Qd2 Rfd8 28. Qh6 Qc5+ 29. Kf1 Rxd6 30. Rxg6+ hxg6 31. Qxg6+ Kf8 32. Qh6+ Ke8 0-1

[Event "Cambridge op 2nd"]
[Site "Cambridge"]
[Date "2024.02.24"]
[Round "9"]
[White "Nawalaniec, Adam"]
[Black "Golubovic, Boris"]
[Result "1/2-1/2"]
[WhiteElo "1896"]
[BlackElo "2342"]
[PlyCount "65"]
[EventDate "2024.02.19"]
[EventType "swiss"]
[EventRounds "9"]
[EventCountry "ENG"]
[SourceTitle "CBM 218 Extra"]
[Source "ChessBase"]
[SourceDate "2024.03.31"]
[SourceVersion "1"]
[SourceVersionDate "2024.03.31"]
[SourceQuality "1"]

1. e4 c5 2. Nf3 d6 3. c4 Bg4 4. Be2 Bxf3 5. Bxf3 Nc6 6. e5 dxe5 7. Bxc6+ bxc6 8. 0-0 Nf6 9. Re1 Qc7 10. Qe2 Nd7 11. b3 e6 12. Bb2 Bd6 13. Nc3 0-0 14. Ne4 Be7 15. Ng3 Bh4 16. Qe4 Be7 17. Rad1 Bd6 18. Qe3 f5 19. Qc3 Rf7 20. d3 Nf8 21. Re2 Ng6 22. Rde1 Rd8 23. Qc2 Qe7 24. Nf1 Bc7 25. Re3 Qf8 26. Nd2 Rfd7 27. Nf3 f4 28. R3e2 Rxd3 29. Bxe5 Bxe5 30. Nxe5 Nxe5 31. Rxe5 f3 32. Rxe6 fxg2 33. Re8 1/2-1/2

[Event "Cambridge op 2nd"]
[Site "Cambridge"]
[Date "2024.02.19"]
[Round "1"]
[White "Latypova, Olga L"]
[Black "Nawalaniec, Adam"]
[Result "0-1"]
[WhiteElo "1684"]
[BlackElo "1896"]
[PlyCount "66"]
[EventDate "2024.02.19"]
[EventType "swiss"]
[EventRounds "9"]
[EventCountry "ENG"]
[SourceTitle "CBM 218 Extra"]
[Source "ChessBase"]
[SourceDate "2024.03.31"]
[SourceVersion "1"]
[SourceVersionDate "2024.03.31"]
[SourceQuality "1"]

1. e4 c5 2. Nf3 d6 3. d4 cxd4 4. Nxd4 Nf6 5. Nc3 a6 6. f3 e5 7. Nb3 Be6 8. Be3 Be7 9. Qd2 h5 10. Nd5 Bxd5 11. exd5 Nbd7 12. Be2 b5 13. Na5 Qc7 14. c4 bxc4 15. Bxc4 e4 16. Nc6 exf3 17. gxf3 Ne5 18. Nxe5 dxe5 19. Rc1 Qb7 20. a3 Rd8 21. Qe2 Nxd5 22. Bxa6 Bh4+ 23. Bf2 Bxf2+ 24. Kxf2 Qb6+ 25. Ke1 0-0 26. Bc4 Nf4 27. Qf2 Ng2+ 28. Kf1 Ne3+ 29. Kg1 Nxc4 30. Qxb6 Nxb6 31. Rc2 f5 32. Kf2 e4 33. Re1 Nd5 0-1

[Event "Daventry 4NCL Easter op-A 3rd"]
[Site "Daventry"]
[Date "2023.04.10"]
[Round "6"]
[White "Gibson, Christopher A"]
[Black "Nawalaniec, Adam"]
[Result "0-1"]
[WhiteElo "1841"]
[BlackElo "1812"]
[PlyCount "80"]
[EventDate "2023.04.07"]
[EventType "swiss"]
[EventRounds "7"]
[EventCountry "ENG"]
[SourceTitle "CBM 213 Extra"]
[Source "ChessBase"]
[SourceDate "2023.05.31"]
[SourceVersion "1"]
[SourceVersionDate "2023.05.31"]
[SourceQuality "1"]

1. e4 c5 2. c3 Nc6 3. d4 cxd4 4. cxd4 d5 5. exd5 Qxd5 6. Nf3 Bg4 7. Be2 e6 8. Nc3 Qd7 9. d5 exd5 10. Qxd5 Qxd5 11. Nxd5 0-0-0 12. Nc3 g6 13. 0-0 Bg7 14. h3 Bf5 15. Bf4 Bxc3 16. bxc3 Nge7 17. Ne5 Nxe5 18. Bxe5 Rhe8 19. Bc4 Nd5 20. Bd4 Kb8 21. Rfe1 Be6 22. Bb5 Rg8 23. Be2 Rc8 24. Rec1 Ka8 25. c4 Nf4 26. Bf1 Rgd8 27. Be3 Nd3 28. Bxd3 Rxd3 29. c5 Ra3 30. Rd1 Rxa2 31. Rxa2 Bxa2 32. Ra1 Bd5 33. Rd1 Bc6 34. Rd6 a5 35. Bd2 a4 36. Ba5 Ka7 37. Bb6+ Ka6 38. Rf6 a3 39. Rd6 a2 40. Rd1 Kb5 0-1

[Event "Daventry 4NCL Easter op-A 3rd"]
[Site "Daventry"]
[Date "2023.04.10"]
[Round "7"]
[White "Nawalaniec, Adam"]
[Black "Dilley, Jason M"]
[Result "1-0"]
[WhiteElo "1812"]
[BlackElo "2090"]
[PlyCount "111"]
[EventDate "2023.04.07"]
[EventType "swiss"]
[EventRounds "7"]
[EventCountry "ENG"]
[SourceTitle "CBM 213 Extra"]
[Source "ChessBase"]
[SourceDate "2023.05.31"]
[SourceVersion "1"]
[SourceVersionDate "2023.05.31"]
[SourceQuality "1"]

1. e4 g6 2. d4 Bg7 3. Be3 d6 4. Nc3 c6 5. Bd3 Qc7 6. h3 b5 7. Nf3 a6 8. 0-0 Nd7 9. a4 b4 10. Na2 a5 11. c3 bxc3 12. Nxc3 Ngf6 13. Qd2 0-0 14. Rac1 Qb7 15. Bh6 e5 16. dxe5 Nxe5 17. Nxe5 dxe5 18. Be3 Be6 19. f3 Rfd8 20. Qe2 Nh5 21. Rfd1 Qb4 22. Qf2 Bf8 23. Bf1 Bb3 24. Rxd8 Rxd8 25. Kh2 Nf4 26. g3 Ne6 27. Nb1 Rd1 28. Bd2 Qd4 29. Qxd4 Nxd4 30. Rxd1 Bxd1 31. Bxa5 Nxf3+ 32. Kg2 Ng5 33. Nc3 Bf3+ 34. Kf2 Bc5+ 35. Ke1 Nxe4 36. Nxe4 Bxe4 37. Bc3 f6 38. b4 Ba7 39. Bc4+ Kf8 40. Bd2 Bf3 41. Bh6+ Ke7 42. Bg8 g5 43. Bxh7 e4 44. h4 Bd4 45. hxg5 Bc3+ 46. Kf2 Bxb4 47. g6 Bd1 48. g7 Bb3 49. g8Q Bxg8 50. Bxg8 f5 51. Ke2 Kd7 52. Bd2 Bd6 53. Bf4 Bb4 54. Bc4 Ba5 55. Be5 Bb4 56. Ke3 1-0

[Event "Cambridge op"]
[Site "Cambridge"]
[Date "2023.02.19"]
[Round "9"]
[White "Liu, Tianyi"]
[Black "Nawalaniec, Adam"]
[Result "0-1"]
[WhiteElo "1865"]
[BlackElo "1753"]
[PlyCount "116"]
[EventDate "2023.02.15"]
[EventType "swiss"]
[EventRounds "9"]
[EventCountry "ENG"]
[SourceTitle "CBM 212 Extra"]
[Source "ChessBase"]
[SourceDate "2023.03.31"]
[SourceVersion "1"]
[SourceVersionDate "2023.03.31"]
[SourceQuality "1"]

1. e4 Nc6 2. d4 d5 3. e5 Bf5 4. c3 e6 5. Nf3 f6 6. Bf4 Nge7 7. Bg3 Ng6 8. Bd3 Bxd3 9. Qxd3 fxe5 10. dxe5 Be7 11. Nbd2 0-0 12. 0-0 Rf5 13. Rae1 Bg5 14. b4 Bf4 15. Bxf4 Nxf4 16. Qc2 Qe8 17. b5 Ne7 18. g3 Nh3+ 19. Kg2 Qh5 20. Qd1 Raf8 21. Nh4 Nf4+ 22. Kh1 Qxd1 23. Rxd1 Rh5 24. Nhf3 Nd3 25. a4 Rhf5 26. Nd4 Nxf2+ 27. Kg1 Nxd1 28. Nxf5 Rxf5 29. Rxd1 Rxe5 30. Kf2 Nf5 31. Nf3 Ne3 32. Rd4 Re4 33. Rxe4 dxe4 34. Ng5 Nd1+ 35. Ke1 Nxc3 36. Nxe6 Kf7 37. Nxc7 Nxa4 38. Kd2 Nb6 39. Ke3 Ke7 40. Kxe4 Kd7 41. Nd5 Nxd5 42. Kxd5 Kc7 43. Kc5 h5 44. h3 g5 45. g4 hxg4 46. hxg4 a6 47. bxa6 bxa6 48. Kd5 Kb6 49. Ke5 a5 50. Kf5 a4 51. Kxg5 a3 52. Kh6 a2 53. g5 a1Q 54. Kh7 Qe5 55. g6 Qh5+ 56. Kg7 Kc7 57. Kf6 Kd7 58. g7 Qe8 0-1

[Event "Cambridge op"]
[Site "Cambridge"]
[Date "2023.02.18"]
[Round "8"]
[White "Nawalaniec, Adam"]
[Black "Rida, Ruqayyah"]
[Result "1-0"]
[WhiteElo "1753"]
[BlackElo "1669"]
[PlyCount "59"]
[EventDate "2023.02.15"]
[EventType "swiss"]
[EventRounds "9"]
[EventCountry "ENG"]
[SourceTitle "CBM 212 Extra"]
[Source "ChessBase"]
[SourceDate "2023.03.31"]
[SourceVersion "1"]
[SourceVersionDate "2023.03.31"]
[SourceQuality "1"]

1. e4 e5 2. Nf3 Nc6 3. Bc4 Bc5 4. 0-0 Nf6 5. d4 Bxd4 6. Nxd4 Nxd4 7. Bg5 h6 8. Bh4 d6 9. f4 Nc6 10. Nc3 Be6 11. Nd5 Bxd5 12. exd5 Ne7 13. fxe5 dxe5 14. Bxf6 gxf6 15. Rxf6 Ng6 16. Qf3 Nf4 17. Rf5 Qd6 18. Bb5+ Kd8 19. Kh1 f6 20. g3 Nh3 21. Rxf6 Qc5 22. Rf7 Nf4 23. gxf4 Qxb5 24. fxe5 Re8 25. Rd1 Qxb2 26. d6 Qxe5 27. dxc7+ Kc8 28. Qg4+ Qe6 29. Qxe6+ Rxe6 30. Rd8# 1-0

[Event "Birmingham op"]
[Site "Birmingham"]
[Date "2022.11.19"]
[Round "1"]
[White "Pyda, Arjun"]
[Black "Nawalaniec, Adam"]
[Result "0-1"]
[WhiteElo "1761"]
[BlackElo "2086"]
[PlyCount "64"]
[EventDate "2022.11.19"]
[EventType "swiss"]
[EventRounds "5"]
[EventCountry "ENG"]
[SourceTitle "CBM 211 Extra"]
[Source "ChessBase"]
[SourceDate "2023.01.31"]
[SourceVersion "1"]
[SourceVersionDate "2023.01.31"]
[SourceQuality "1"]

1. e4 d5 2. exd5 Nf6 3. Nc3 Nxd5 4. Nf3 Bg4 5. Bc4 e6 6. 0-0 Nb6 7. Be2 Nc6 8. d3 Bd6 9. Bg5 Qd7 10. h3 Bh5 11. Be3 0-0-0 12. Nd4 Bxe2 13. Qxe2 Nxd4 14. Bxd4 Rhg8 15. Be3 h6 16. a4 Kb8 17. a5 Nd5 18. Nxd5 exd5 19. c4 Qe6 20. cxd5 Qxd5 21. d4 a6 22. Qc2 f5 23. f3 g5 24. Kh1 h5 25. f4 g4 26. Kh2 h4 27. Qd2 Rde8 28. Rg1 Qe4 29. Rae1 gxh3 30. Kxh3 Rg3+ 31. Kxh4 Rg4+ 32. Kh5 Rh8# 0-1

[Event "Warsaw Najdorf Memorial op-B"]
[Site "Warsaw"]
[Date "2022.07.15"]
[Round "7"]
[White "Leszczewicz, Karol"]
[Black "Nawalaniec, Adam"]
[Result "0-1"]
[WhiteElo "1519"]
[BlackElo "1768"]
[PlyCount "118"]
[EventDate "2022.07.09"]
[EventType "swiss"]
[EventRounds "9"]
[EventCountry "POL"]
[SourceTitle "CBM 209 Extra"]
[Source "ChessBase"]
[SourceDate "2022.09.30"]
[SourceVersion "1"]
[SourceVersionDate "2022.09.30"]
[SourceQuality "1"]

1. d4 d6 2. Nf3 g6 3. e4 Bg7 4. c4 Bg4 5. Be2 Nd7 6. h3 Bxf3 7. Bxf3 c5 8. d5 Ngf6 9. Nc3 0-0 10. 0-0 Ne8 11. Qc2 Nc7 12. Be2 a6 13. Rb1 b5 14. b3 Rb8 15. Bb2 Nb6 16. Nd1 Qd7 17. Bxg7 Kxg7 18. Bd3 bxc4 19. bxc4 Qa4 20. Ne3 Qxc2 21. Bxc2 Rb7 22. Rb2 Rbb8 23. Rfb1 Nd7 24. Rb7 Rbc8 25. Ba4 Rfd8 26. Bxd7 Rxd7 27. Ra7 Ra8 28. Rbb7 Rxa7 29. Rxa7 Kf8 30. Nd1 Ke8 31. Nc3 Kd8 32. Na4 Kc8 33. Nb6+ Kb8 34. Nxd7+ Kxa7 35. e5 Na8 36. g4 Nb6 37. Nxb6 Kxb6 38. f4 f6 39. exd6 exd6 40. Kf2 Ka5 41. Ke3 Kb4 42. Kd3 g5 43. fxg5 fxg5 44. a3+ Kxa3 45. Ke4 Kb4 46. Kf5 a5 47. Ke6 a4 48. Kxd6 a3 49. Ke7 a2 50. d6 a1Q 51. d7 Qe5+ 52. Kf7 Qd6 53. Ke8 Qe6+ 54. Kd8 Ka5 55. Kc7 Qb6+ 56. Kc8 Ka6 57. d8N Qd6 58. Nf7 Qe7 59. Nd8 Kb6 0-1

[Event "Warsaw Najdorf Memorial op-B"]
[Site "Warsaw"]
[Date "2022.07.14"]
[Round "6"]
[White "Chekhani, Anna"]
[Black "Nawalaniec, Adam"]
[Result "0-1"]
[WhiteElo "1575"]
[BlackElo "1768"]
[PlyCount "114"]
[EventDate "2022.07.09"]
[EventType "swiss"]
[EventRounds "9"]
[EventCountry "POL"]
[SourceTitle "CBM 209 Extra"]
[Source "ChessBase"]
[SourceDate "2022.09.30"]
[SourceVersion "1"]
[SourceVersionDate "2022.09.30"]
[SourceQuality "1"]

1. d4 c5 2. d5 Nf6 3. c4 b5 4. cxb5 a6 5. bxa6 Bxa6 6. Nc3 d6 7. e4 Bxf1 8. Kxf1 g6 9. g3 Bg7 10. Kg2 0-0 11. Nf3 Nbd7 12. a4 Qb6 13. Qc2 Rfb8 14. Ra3 Ne8 15. Nb5 Qa5 16. b3 Ndf6 17. Nd2 Ng4 18. Nc4 Qa6 19. Bd2 Ne5 20. Na5 Nd7 21. f4 Nc7 22. Nxc7 Qe2+ 23. Kh3 Rxa5 24. Ra2 c4 25. bxc4 Rc5 26. Na6 Qh5+ 27. Kg2 Qe2+ 28. Kh3 Qh5+ 29. Kg2 Qe2+ 30. Kh3 Rxc4 31. Qd1 Qxd1 32. Rxd1 Ra8 33. Nb4 Rxe4 34. a5 Rd4 35. Re1 Rxd2 36. Rxd2 Bc3 37. Rde2 Bxb4 38. Rb1 Bc3 39. Rb7 Nc5 40. Rbxe7 Bxa5 41. f5 Kg7 42. fxg6 hxg6 43. Rf2 Rf8 44. Rf3 Bd8 45. Ra7 Bf6 46. Kg4 Re8 47. Ra2 Re4+ 48. Rf4 Re5 49. Rd4 Rg5+ 50. Kf4 Rf5+ 51. Ke3 Bxd4+ 52. Kxd4 Re5 53. Ra8 Re4+ 54. Kc3 Re2 55. Rd8 Rxh2 56. Kd4 Rd2+ 57. Kc4 Nb7 0-1

[Event "Warsaw Maciei Memorial"]
[Site "Warsaw"]
[Date "2022.07.08"]
[Round "1"]
[White "Kanarek, Marcel"]
[Black "Nawalaniec, Adam"]
[Result "1-0"]
[WhiteElo "2488"]
[BlackElo "1768"]
[PlyCount "49"]
[EventDate "2022.07.08"]
[EventType "swiss (blitz)"]
[EventRounds "11"]
[EventCountry "POL"]
[SourceTitle "CBM 209 Extra"]
[Source "ChessBase"]
[SourceDate "2022.09.30"]
[SourceVersion "1"]
[SourceVersionDate "2022.09.30"]
[SourceQuality "1"]

1. e4 g6 2. d4 Bg7 3. Nc3 d6 4. f4 Nd7 5. Nf3 e5 6. Bc4 Nb6 7. Bb3 Bg4 8. dxe5 dxe5 9. Qxd8+ Rxd8 10. Nxe5 Bxe5 11. fxe5 Ne7 12. Bg5 h6 13. Bxe7 Kxe7 14. Nd5+ Nxd5 15. exd5 f6 16. e6 Kd6 17. 0-0 Rhf8 18. h3 Bf5 19. Rae1 Ke7 20. g4 Bxg4 21. hxg4 h5 22. gxh5 gxh5 23. Kf2 f5 24. Kf3 Kf6 25. e7 1-0

[Event "POL-chT U18 1st"]
[Site "Poland"]
[Date "2022.07.03"]
[Round "9.3"]
[White "Nawalaniec, Adam"]
[Black "Musial, Igor"]
[Result "1/2-1/2"]
[WhiteElo "1768"]
[BlackElo "1829"]
[PlyCount "87"]
[EventDate "2022.06.25"]
[EventType "team-swiss"]
[EventRounds "9"]
[EventCountry "POL"]
[SourceTitle "EXT 2023"]
[Source "ChessBase"]
[SourceDate "2022.10.05"]
[SourceVersion "1"]
[SourceVersionDate "2022.10.05"]
[SourceQuality "1"]
[WhiteTeam "Warszawa Polonia"]
[BlackTeam "Czerwionka Leszczyny Skoczek"]
[WhiteTeamCountry "POL"]
[BlackTeamCountry "POL"]

1. e4 c5 2. d3 Nc6 3. g3 g6 4. f4 Bg7 5. Bg2 d6 6. Nc3 e5 7. Nf3 Nge7 8. 0-0 0-0 9. Be3 Nd4 10. Qd2 Qc7 11. Rf2 f5 12. Raf1 Bd7 13. fxe5 dxe5 14. Bh6 Bc6 15. Bxg7 Kxg7 16. exf5 Nexf5 17. Nxd4 exd4 18. Ne4 Rae8 19. g4 Ne3 20. Rxf8 Rxf8 21. Rxf8 Kxf8 22. Nxc5 Qf7 23. Ne4 Qxa2 24. Qb4+ Kg8 25. Qxd4 Nxg4 26. Qd8+ Kg7 27. Qd4+ Kg8 28. Qd8+ Kg7 29. h3 Bxe4 30. dxe4 Ne5 31. Qd4 Qa5 32. b4 Qb6 33. Qxb6 axb6 34. Kf2 Kf6 35. Ke3 Ke6 36. Kd4 Kd6 37. b5 g5 38. c3 Ke6 39. Bf1 Kd6 40. Be2 h6 41. Bg4 Ng6 42. Bc8 h5 43. Bf5 Ne5 44. Bc8 1/2-1/2

[Event "POL-chT U18 1st"]
[Site "Poland"]
[Date "2022.06.28"]
[Round "4.3"]
[White "Nawalaniec, Adam"]
[Black "Nagly, Wojciech"]
[Result "0-1"]
[WhiteElo "1768"]
[BlackElo "1490"]
[PlyCount "53"]
[EventDate "2022.06.25"]
[EventType "team-swiss"]
[EventRounds "9"]
[EventCountry "POL"]
[SourceTitle "EXT 2023"]
[Source "ChessBase"]
[SourceDate "2022.10.05"]
[SourceVersion "1"]
[SourceVersionDate "2022.10.05"]
[SourceQuality "1"]
[WhiteTeam "Warszawa Polonia"]
[BlackTeam "Wroclaw Srodmiescie"]
[WhiteTeamCountry "POL"]
[BlackTeamCountry "POL"]

1. e4 d6 2. d4 Nf6 3. Nc3 c6 4. Be2 e6 5. Be3 Be7 6. Qd2 0-0 7. f3 d5 8. e5 Nfd7 9. g4 c5 10. f4 cxd4 11. Bxd4 Nc6 12. Nf3 Nxd4 13. Nxd4 Bc5 14. 0-0-0 a6 15. h4 b5 16. g5 Nb6 17. Nb3 Bb4 18. a3 Bxc3 19. Qxc3 Bb7 20. Qd4 Rc8 21. Bd3 Nc4 22. h5 Qb6 23. h6 Qxd4 24. Nxd4 g6 25. Rhe1 Rc7 26. Kb1 Na5 27. b3 0-1

[Event "POL-chT U18 1st"]
[Site "Poland"]
[Date "2022.06.27"]
[Round "3.3"]
[White "Karwot, Marek"]
[Black "Nawalaniec, Adam"]
[Result "1-0"]
[WhiteElo "1412"]
[BlackElo "1768"]
[PlyCount "93"]
[EventDate "2022.06.25"]
[EventType "team-swiss"]
[EventRounds "9"]
[EventCountry "POL"]
[SourceTitle "EXT 2023"]
[Source "ChessBase"]
[SourceDate "2022.10.05"]
[SourceVersion "1"]
[SourceVersionDate "2022.10.05"]
[SourceQuality "1"]
[WhiteTeam "Ognisko Rydultowy"]
[BlackTeam "Warszawa Polonia"]
[WhiteTeamCountry "POL"]
[BlackTeamCountry "POL"]

1. e4 g6 2. d4 Bg7 3. f4 d6 4. Nc3 a6 5. Nf3 b5 6. a3 Bb7 7. Bd3 Nd7 8. 0-0 c5 9. d5 c4 10. Be2 Bxc3 11. bxc3 Ngf6 12. Qd4 0-0 13. Ng5 Qb6 14. Bf3 Qxd4+ 15. cxd4 Ne8 16. a4 Nc7 17. Bd2 h6 18. Nh3 f5 19. Ba5 fxe4 20. Bxe4 Nxd5 21. Bxg6 N7f6 22. Bd2 b4 23. Bf5 c3 24. Bc1 Kh8 25. Be6 Bc6 26. f5 Kh7 27. Nf4 Nxf4 28. Rxf4 Kg7 29. Rh4 Rh8 30. Rh3 Ne4 31. d5 Be8 32. Be3 Bf7 33. Bd4+ Nf6 34. Rg3+ Kf8 35. a5 Rg8 36. Rh3 Nxd5 37. Bxf7 Kxf7 38. Rxh6 Nf4 39. Rh7+ Kf8 40. Re1 e5 41. fxe6 Nxg2 42. Rf1+ Ke8 43. Kh1 b3 44. Rff7 Rb8 45. Re7+ Kd8 46. Bf6 Rb5 47. Reg7+ 1-0